Normal view MARC view
  • Sheldon M. Ross

Entry Personal Name

Number of records used in: 22

001 - CONTROL NUMBER

  • control field: 10933

003 - CONTROL NUMBER IDENTIFIER

  • control field: NUST

005 - DATE AND TIME OF LATEST TRANSACTION

  • control field: 20180605031852.0

008 - FIXED-LENGTH DATA ELEMENTS

  • fixed length control field: 180605|| aca||aabn | a|a d

040 ## - CATALOGING SOURCE

  • Original cataloging agency: NUST
  • Transcribing agency: NUST

100 ## - HEADING--PERSONAL NAME

  • Personal name: Sheldon M. Ross

670 ## - SOURCE DATA FOUND

  • Source citation: Work cat.: (NUST): Sheldon M. Ross, Introduction to Probability and Statistics for Engineers and Scientists, 2014
© 2023 Central Library, National University of Sciences and Technology. All Rights Reserved.